000 00378nam a22001457a 4500
008 230228b |||||||| |||| 00| 0 eng d
020 _a978-81-8495-653-5
082 _a294.53
100 _aJ.P. Vaswani
245 _aMantras for Peace of Mind
260 _bJaico Publishing House,
_c2015
300 _a175 p.
_c19.5 cm
942 _2ddc
999 _c9375
_d9376